Raudatul huruf
| Main Author: | |
|---|---|
| Other Authors: | , |
| Format: | Book |
| Published: |
Kuala Lumpur :
Intelek Bestari ,
2006
|
| Subjects: |
MARC
| LEADER | 00000cam a2200000 7i4500 | ||
|---|---|---|---|
| 001 | 0000023852 | ||
| 005 | 20151222.0 | ||
| 008 | 081105 | ||
| 020 | |a 9836294012 | ||
| 090 | 0 | 0 | |a JF |b JAW |
| 100 | 0 | |a Mohd Jaiz Anuar bin Ahmad | |
| 245 | 1 | 0 | |a Raudatul huruf |c Mohd Jaiz Anuar bin Ahmad ...[et al.] |
| 260 | |a Kuala Lumpur : |b Intelek Bestari , |c 2006 | ||
| 500 | |a Children ages 7-9 years old (orange) | ||
| 650 | 0 | |a Arabic alphabet |x Writing | |
| 700 | 0 | |a Amir Hamzah Haji Musa | |
| 700 | 0 | |a Mohd Rashid Shafie | |
| 999 | |a 0001026936 |b Book |c Children Collection |e Perbadanan Perpustakaan Awam Johor | ||